000 00510nam a2200181Ia 4500
001 14138
005 20260306164852.0
008 260306t1968||||xx |||||||||||||| ||spa||
041 _aESP
082 _a508.7403
_bA72
100 _aArias Divito, Juan Carlos
_eAUT
245 0 _aLas expediciones científicas españolas durante el siglo XVIII:
_bexpedición botánica de nueva España
260 _c1968
300 _a427 páginas :
_c24 cm.
650 _aGEN
654 _aCCN
942 _cLIB
_dJUS
_fJUS
_2ddc
_n
999 _c14138
_d14138